[Event "8th Asian Continental Open"]
[Site "Subic Bay PHI"]
[Date "2009.05.13"]
[Round "1"]
[White "Al Modiahki,M"]
[Black "Dimakiling,O"]
[Result "1/2-1/2"]
[WhiteElo "2585"]
[BlackElo "2426"]

1.e4 c5 2.Nf3 d6 3.Bb5+ Bd7 4.Bxd7+ Qxd7 5.c4 Nf6 6.Nc3 g6 7.d4 cxd4 8.Nxd4 Bg7
9.f3 O-O 10.Be3 Rc8 11.b3 e6 12.Rc1 d5 13.e5 Ne8 14.cxd5 exd5 15.f4 Nc6 16.O-O Rd8
17.Na4 Rac8 18.Nc5 Qe7 19.Nd3 Nxd4 20.Bxd4 b6 21.Qf3 Rxc1 22.Rxc1 Nc7 23.g4 Ne6
24.Be3 f5 25.gxf5 gxf5 26.Bf2 Kh8 27.Rc6 d4 28.Qh5 Rf8 29.Rd6 Nc5 30.Nxc5 bxc5
31.Qf3 Qc7 32.Be1 Rg8 33.Kf1 Qb8 34.Qc6 a5 35.Bxa5 Qa7 36.Qa6 Qf7 37.Rd8 Rxd8
38.Bxd8 Qd5 39.Bg5 Qf3+ 40.Kg1 Qg4+ 41.Kh1 Qf3+ 42.Kg1 Qg4+ 43.Kh1 Qf3+  1/2-1/2

[Event "8th Asian Continental Open"]
[Site "Subic Bay PHI"]
[Date "2009.05.13"]
[Round "1"]
[White "Yang Kaiqi"]
[Black "Dao Thien Hai"]
[Result "0-1"]
[WhiteElo "2413"]
[BlackElo "2546"]

1.e4 c5 2.Nf3 d6 3.Bb5+ Nc6 4.O-O Bd7 5.Re1 Nf6 6.c3 a6 7.Bf1 Bg4 8.h3 Bxf3
9.Qxf3 g6 10.Qd1 e5 11.a4 Bg7 12.Na3 O-O 13.Nc4 Nxe4 14.Rxe4 d5 15.Re1 dxc4
16.Bxc4 Na5 17.d3 Rc8 18.Qf3 Nxc4 19.dxc4 Qb6 20.a5 Qc7 21.Rd1 f5 22.Rd5 Rf7
23.Be3 Bf8 24.Qe2 Re8 25.f3 e4 26.f4 Rd8 27.g3 Rfd7 28.Qd1 Qc6 29.Rxd7 Rxd7
30.Qa4 Qxa4 31.Rxa4 Rd1+ 32.Kf2 Rb1 33.Ra2 Kf7 34.Bd2 Ke6 35.Ke3 Bd6 36.Ke2 g5
37.Be3 gxf4 38.gxf4 Rh1 39.Ra3 Rh2+ 40.Bf2 Bxf4 41.Kf1 e3  0-1

[Event "Limpedea Cup"]
[Site "Baia Sprie ROM"]
[Date "2009.05.14"]
[Round "4"]
[White "Szabo,At1"]
[Black "Petkov,V"]
[Result "1/2-1/2"]
[WhiteElo "2284"]
[BlackElo "2481"]

1.e4 c5 2.Nf3 d6 3.Bb5+ Nd7 4.O-O Nf6 5.Re1 a6 6.Bxd7+ Nxd7 7.b3 e5 8.c3 Be7
9.d4 O-O 10.dxe5 Nxe5 11.Nxe5 dxe5 12.Qe2 b5 13.Bb2 c4 14.Nd2 cxb3 15.axb3 Be6
16.c4 f6 17.Ba3 Bxa3 18.Rxa3 Qd4 19.Rea1 b4 20.Ra5 Qc3 21.Qe3 Rfd8 22.Nf1 Bf7
23.Qxc3 bxc3 24.Rc1 Rd3 25.Ne3 Bg6 26.Rd5 Bxe4 27.Rxd3 Bxd3 28.Rxc3 Be4 29.f3 Bc6
30.Rd3 Kf7 31.Rd6 Rc8 32.b4 h5 33.h4 g6 34.Kf2 Rc7 35.c5 Bb7 36.Nc4 Bc6  1/2-1/2

[Event "8th Asian Continental Open"]
[Site "Subic Bay PHI"]
[Date "2009.05.14"]
[Round "2"]
[White "Wahono,A"]
[Black "Paragua,M"]
[Result "0-1"]
[WhiteElo "2391"]
[BlackElo "2529"]

1.e4 c5 2.Nf3 d6 3.Bb5+ Nc6 4.O-O Bd7 5.Re1 Nf6 6.Nc3 a6 7.Bxc6 Bxc6 8.d4 cxd4
9.Nxd4 e5 10.Nxc6 bxc6 11.Qd3 h6 12.Qc4 Qc8 13.Qa4 Nd7 14.Be3 Be7 15.Rad1 O-O
16.Qc4 Rb8 17.b3 Nf6 18.f3 Qb7 19.Kh1 Rfd8 20.Qe2 Ne8 21.Na4 Nc7 22.Bb6 Rdc8
23.Bxc7 Rxc7 24.Rd3 d5 25.c3 f6 26.Red1 Rd7 27.exd5 cxd5 28.c4 d4 29.Nc3 Rbd8
30.Na4 Bb4 31.h3 Re7 32.Rf1 f5 33.Rfd1 Qa7 34.Qb2 Ree8 35.a3 e4 36.fxe4 fxe4
37.Rg3 Bd6 38.Rg4 Bb8 39.c5 Qc7 40.g3 e3  0-1

[Event "8th Asian Continental Open"]
[Site "Subic Bay PHI"]
[Date "2009.05.15"]
[Round "3"]
[White "Gundavaa,B"]
[Black "Priyadharshan,K"]
[Result "1/2-1/2"]
[WhiteElo "2461"]
[BlackElo "2411"]

1.e4 c5 2.Nf3 d6 3.Bb5+ Nc6 4.O-O Bd7 5.Re1 Nf6 6.c3 a6 7.Ba4 c4 8.Bc2 e5
9.b3 b5 10.a4 Be7 11.d4 cxb3 12.Bxb3 O-O 13.axb5 axb5 14.Rxa8 Qxa8 15.h3 Qb7
16.d5 Na5 17.Ba3 Re8 18.Bc2 Nc4 19.Bb4 Bf8 20.Nfd2 Nxd2 21.Nxd2 Ra8 22.Rf1 g6
23.Nb3 Qb6 24.Kh2 Bh6 25.Bb1 Ne8 26.g3 Nc7 27.Kg2 Ra4 28.Bd3 Na6 29.Qe1 Ra2
30.Be2 Nxb4 31.cxb4 Qc7 32.Bg4 Bxg4 33.hxg4 Qc4 34.Na5 Qd3 35.Qb1 Rc2 36.Re1 Qd2
37.Rf1 Qd3 38.Re1 Bd2 39.Re2 Kg7 40.Nb3 Qc3 41.Nxd2 Rxd2 42.Qe1 Rd3 43.Qxc3 Rxc3
44.Ra2 Rc4 45.f3 Rxb4 46.Ra6 Rb2+ 47.Kf1 Rb1+ 48.Ke2 Rb2+ 49.Kf1 h5 50.g5 b4
51.Rxd6 b3 52.Rb6 Kf8 53.Rb7 Ke8 54.Kg1 Kd8 55.d6 Kc8 56.Rc7+ Kd8 57.Rb7 Ke8
58.Re7+ Kd8 59.Rb7 Rb1+ 60.Kg2 b2 61.d7 Ke7 62.Kh2 Rf1 63.Rxb2 Rxf3 64.Rd2 Kd8
65.Kg2 Re3 66.Rf2 Rxe4 67.Rxf7 Rg4 68.Kf3 e4+ 69.Ke3 Rxg3+ 70.Kxe4 Rxg5 71.Kf4 Rg1
72.Ke5 Kc7 73.Rh7 Rc1 74.Rg7 Rg1 75.Rh7 Rg5+ 76.Ke6 Rg4 77.Ke7 Re4+  1/2-1/2

[Event "VI Moncada Open"]
[Site "Santiago de Cuba CUB"]
[Date "2009.05.16"]
[Round "1"]
[White "Larduet Despaigne,C"]
[Black "Corrales Jimenez,Z"]
[Result "1-0"]
[WhiteElo "2350"]
[BlackElo "2245"]

1.e4 c5 2.Nf3 d6 3.Bb5+ Nc6 4.O-O Bd7 5.c3 Nf6 6.Re1 a6 7.Bf1 Bg4 8.h3 Bxf3
9.Qxf3 g6 10.Na3 Bg7 11.Nc2 Nd7 12.Qd1 Qb6 13.b3 O-O 14.Bb2 e5 15.Ne3 Kh8
16.Qc2 Qd8 17.a4 Qg5 18.Nc4 Qe7 19.Qd3 b5 20.axb5 axb5 21.Nxd6 Na5 22.Nxb5 Nxb3
23.Rxa8 Rxa8 24.Qd5  1-0

[Event "8th Asian Continental Women"]
[Site "Subic Bay PHI"]
[Date "2009.05.16"]
[Round "4"]
[White "Bui Kim Le"]
[Black "Gu Xiaobing"]
[Result "0-1"]
[WhiteElo "2165"]
[BlackElo "2336"]

1.e4 c5 2.Nf3 d6 3.Bb5+ Nc6 4.c3 Nf6 5.d3 Bd7 6.O-O e6 7.Ba4 Be7 8.h3 O-O
9.Bf4 Qa5 10.Nbd2 b5 11.Bc2 Qb6 12.Qe2 Rad8 13.Rad1 e5 14.Bh2 Qa6 15.Bb1 Be6
16.a3 Nd7 17.Rfe1 b4 18.axb4 cxb4 19.d4 Qxe2 20.Rxe2 exd4 21.cxd4 d5 22.Rde1 Nf6
23.e5 Ne4 24.Rc1 Nxd2 25.Rxd2 Na5 26.Rc7 Rc8 27.Rdc2 b3 28.Rxc8 Rxc8 29.Rxc8+ Bxc8
30.Bf4 Nc4 31.Bc1 a5 32.Ne1 a4 33.Kf1 a3 34.bxa3 b2 35.Be3 Nxa3  0-1

[Event "8th Asian Continental Women"]
[Site "Subic Bay PHI"]
[Date "2009.05.16"]
[Round "4"]
[White "Muminova,N"]
[Black "Karavade,E"]
[Result "1/2-1/2"]
[WhiteElo "2212"]
[BlackElo "2359"]

1.e4 c5 2.Nf3 d6 3.Bb5+ Nd7 4.d4 Nf6 5.Nc3 a6 6.Bxd7+ Nxd7 7.O-O e6 8.Bg5 Qc7
9.d5 e5 10.a4 h6 11.Bh4 b6 12.Nd2 g6 13.Nc4 Bg7 14.g4 Rb8 15.Kh1 Nf6 16.f3 b5
17.Ne3 Bd7 18.axb5 axb5 19.Rg1 Nh7 20.Bg3 O-O 21.Qe2 Kh8 22.Bh4 Rfc8 23.b3 Qb7
24.Ra2 Ra8 25.Rga1 Rxa2 26.Rxa2 c4 27.b4 Ng5 28.Kg2 Ra8 29.Rxa8+ Qxa8 30.Ncd1 Bf6
31.Bf2 Bd8 32.c3 Nh7 33.Qb2 Nf8 34.Qc1 Kh7 35.Qb1 Bc8 36.Qb2 Nd7 37.Be1 Nb6
38.Qc2 Bd7 39.Bf2 Bc8 40.Be1 Qa3 41.Qb2 Qb3 42.Qe2 Na4 43.Qd2 Bg5 44.Qc2 Nb2
45.Qxb2 Bxe3 46.Qe2 Bf4 47.Ne3 Qb1 48.Bg3 Bg5 49.Bf2 Kg7 50.Qc2 Qb3 51.Qc1 Qa2
52.Qc2 Qa1 53.Nd1 Qa4 54.Qe2 Qb3 55.Bb6 f5 56.Bc7 Be7 57.Bb6 fxg4 58.fxg4 Qb1
59.h3 Bg5 60.Bc7 Be7 61.Bb6 Bg5 62.Bc7 Be7 63.Bb6  1/2-1/2

[Event "Limpedea Cup"]
[Site "Baia Sprie ROM"]
[Date "2009.05.17"]
[Round "7"]
[White "Nanu,C"]
[Black "Jianu,V"]
[Result "1-0"]
[WhiteElo "2535"]
[BlackElo "2533"]

1.e4 c5 2.Nf3 d6 3.Bb5+ Bd7 4.Bxd7+ Qxd7 5.c4 Nf6 6.Nc3 g6 7.d4 cxd4 8.Nxd4 Bg7
9.h3 O-O 10.O-O Rc8 11.b3 Nc6 12.Be3 Qd8 13.Rc1 Qa5 14.Re1 a6 15.Nxc6 Rxc6
16.Bd2 e6 17.a4 Re8 18.Qf3 Nd7 19.Red1 Ne5 20.Qg3 Qb6 21.Rb1 Rcc8 22.Be3 Qc7
23.Bd4 Bh6 24.Qh4 Bf8 25.f4 Nc6 26.Bf6 Be7 27.Bxe7 Rxe7 28.f5 Ree8 29.f6 h5
30.Qf4 Kh7 31.Qxd6 Qb6+ 32.Kh1 Red8 33.Qf4 Rxd1+ 34.Nxd1 Rd8 35.Nf2 e5 36.Qg3 Rd2
37.Ng4 Qd4 38.Re1 Rb2 39.Nh2 Qd2 40.Nf3 Qc2 41.h4 Rxb3 42.Qh3 Rxf3 43.Qxf3 Qxc4
44.Rb1 Nd8 45.a5 Qc6 46.Kh2 Kg8 47.Rb6 Qc1 48.Rd6 Ne6 49.Qg3 Nf4 50.Rd8+ Kh7
51.Qg5 Ne2 52.Qxc1 Nxc1 53.Rd7 Nb3 54.Rxf7+ Kg8 55.Rxb7 Nxa5 56.Ra7 Nc4 57.Rxa6 Kf7
58.Kg3 Nd2 59.Ra4 Nb3 60.Kf3 Kxf6 61.Ra6+ Kf7 62.Ke3 Nd4 63.Kd3 Ne6 64.Kc4 g5
65.hxg5 h4 66.g6+ Ke7 67.g7  1-0

[Event "ch-USA"]
[Site "Saint Louis USA"]
[Date "2009.05.17"]
[Round "9"]
[White "Benjamin,Joe"]
[Black "Shabalov,A"]
[Result "1/2-1/2"]
[WhiteElo "2583"]
[BlackElo "2569"]

1.e4 c5 2.Nf3 d6 3.Bb5+ Nd7 4.c3 Nf6 5.Qe2 a6 6.Ba4 Qc7 7.O-O c4 8.Bc2 e6
9.b3 b5 10.bxc4 bxc4 11.Na3 Nb6 12.Rb1 Be7 13.d4 cxd3 14.Qxd3 O-O 15.Bg5 Rd8
16.Rfd1 Bb7 17.Qe3 Nbd7 18.Nc4 Rab8 19.Qe2 a5 20.Na3 h6 21.Nb5 Ba6 22.Bd2 Nc5
23.c4 Bxb5 24.cxb5 e5 25.a4 Rd7 26.Rbc1 Bd8 27.Be3 Rc8 28.Bb1 Qa7 29.Nd2 Qb8
30.Bxc5 dxc5 31.Nc4 Rd4 32.Bc2 Nd7 33.g3 Nf8 34.Bb3 Ne6 35.f3 Qc7 36.Kg2 Bg5
37.Rb1 Rcd8 38.Qa2 R8d7 39.Qe2 Qd8 40.Kf1 Rxd1+ 41.Rxd1 Nd4 42.Nxe5 Qc7 43.f4 Bf6
44.Qh5 Bxe5 45.Qxe5 Qc8 46.Bd5 Rxd5 47.Qxd5 Qh3+ 48.Kg1 Ne2+ 49.Kf2 Qxh2+
50.Kf3 Nxg3 51.Qxc5 Qe2+ 52.Kxg3 Qxd1 53.b6 Qd3+ 54.Kf2 Qd2+ 55.Kf3 Qd1+
56.Kf2  1/2-1/2

[Event "8th Asian Continental Open"]
[Site "Subic Bay PHI"]
[Date "2009.05.17"]
[Round "5"]
[White "Gomez,Joh"]
[Black "Dimakiling,O"]
[Result "1/2-1/2"]
[WhiteElo "2538"]
[BlackElo "2426"]

1.e4 c5 2.Nf3 d6 3.Bb5+ Bd7 4.Bxd7+ Qxd7 5.c4 g6 6.d4 cxd4 7.Nxd4 Nf6 8.Nc3 Bg7
9.O-O O-O 10.f3 Rc8 11.b3 d5 12.exd5 Nxd5 13.Nxd5 e6 14.Bh6 exd5 15.Bxg7 Kxg7
16.Nb5 dxc4 17.Nd6 Rd8 18.Nxb7 Qxd1 19.Rfxd1 Rxd1+ 20.Rxd1 cxb3 21.axb3 Nc6
22.Rd6 Rb8 23.Nc5 Na5 24.Ra6 Nxb3 25.Nxb3 Rxb3 26.Rxa7 Rb2 27.h4 h5 28.Kh2 Rb4
29.Kg3 Rc4 30.Rb7 Ra4  1/2-1/2

[Event "27th Liechtenstein Open"]
[Site "Triesen LIE"]
[Date "2009.05.17"]
[Round "3"]
[White "Peredy,F"]
[Black "Kohlweyer,B"]
[Result "1/2-1/2"]
[WhiteElo "2234"]
[BlackElo "2435"]

1.Nf3 c5 2.e4 d6 3.Bb5+ Nd7 4.O-O Nf6 5.Re1 a6 6.Bf1 b6 7.b3 Bb7 8.d3 g6
9.Bb2 Bg7 10.Nbd2 O-O 11.c3 e5 12.d4 d5 13.exd5 exd4 14.c4 Qc7 15.Qc2 Rfe8  1/2-1/2

[Event "Porto Mannu Open"]
[Site "Palau ITA"]
[Date "2009.05.18"]
[Round "3"]
[White "Collutiis,D"]
[Black "Vocaturo,D"]
[Result "0-1"]
[WhiteElo "2451"]
[BlackElo "2480"]

1.e4 c5 2.Nf3 d6 3.Bb5+ Bd7 4.Bxd7+ Qxd7 5.O-O Nf6 6.Qe2 Nc6 7.Rd1 g5 8.c3 g4
9.Ne1 Qe6 10.d3 d5 11.Bg5 O-O-O 12.Nd2 Rg8 13.Bxf6 exf6 14.Nc2 f5 15.Qe3 dxe4
16.dxe4 f4 17.Qe2 Ne5 18.f3 h5 19.Kh1 g3 20.Nf1 Rxd1 21.Rxd1 Be7 22.Rd5 gxh2
23.Qd2 Qf6 24.Ne1 h4 25.Qf2 b6 26.Nd3 Nxd3 27.Rxd3 Qg7 28.Kxh2 c4 29.Rd4 Qg3+
30.Qxg3 hxg3+ 31.Kh3 f5  0-1

[Event "8th Asian Continental Women"]
[Site "Subic Bay PHI"]
[Date "2009.05.19"]
[Round "7"]
[White "Muminova,N"]
[Black "Nadig,K"]
[Result "1-0"]
[WhiteElo "2212"]
[BlackElo "2361"]

1.e4 c5 2.Nf3 d6 3.Bb5+ Nd7 4.d4 Nf6 5.Nc3 a6 6.Bxd7+ Nxd7 7.O-O cxd4 8.Qxd4 e6
9.Rd1 Qb6 10.Be3 Qxd4 11.Bxd4 b5 12.e5 d5 13.Ne2 Be7 14.Nf4 Nb8 15.Nd3 Nc6
16.Bc5 Bxc5 17.Nxc5 g5 18.h3 Ke7 19.Re1 Rg8 20.g4 a5 21.a3 Bd7 22.c3 Rac8
23.b4 f5 24.exf6+ Kd6 25.Nd4 Nxd4 26.cxd4 Rgf8 27.Nb7+ Kc7 28.Nxa5 Kb6 29.Rac1 Rce8
30.Rc5 Rxf6 31.Rec1 Rff8 32.Rc7 Rc8 33.Rb7+ Ka6 34.Rxc8 Bxc8 35.Rxh7 Kb6
36.Rg7 Rf4 37.Nb3 Rf3 38.Nc5 Rxh3 39.Rxg5 Rxa3 40.Re5 Ra1+ 41.Kg2 Rb1 42.g5 Rxb4
43.g6 Rxd4 44.Rg5 Kxc5 45.g7 Rf4 46.g8=Q Bd7 47.Qd8 Bc6 48.Qe7+ Kb6 49.Qxe6 d4+
50.Kf1  1-0

[Event "Global Chess"]
[Site "Ulan Bator MGL"]
[Date "2009.05.19"]
[Round "1"]
[White "Khatanbaatar,B"]
[Black "Myagmarsuren,L"]
[Result "1-0"]
[WhiteElo "2403"]
[BlackElo "2198"]

1.e4 c5 2.Nf3 d6 3.Bb5+ Bd7 4.Bxd7+ Qxd7 5.O-O Nc6 6.c3 Nf6 7.Re1 e6 8.d3 Be7
9.Nbd2 Ne5 10.Nf1 O-O 11.Ng3 Qb5 12.c4 Qc6 13.Ng5 Ng6 14.f4 Nd7 15.f5 Bxg5
16.Bxg5 Nge5 17.Rf1 Rfe8 18.b3 Nf8 19.f6 g6 20.Qd2 Ned7 21.e5 Nxe5 22.Bh4 Ng4
23.h3 Nxf6 24.Bxf6 Nd7 25.Ne4  1-0

[Event "Porto Mannu Open"]
[Site "Palau ITA"]
[Date "2009.05.20"]
[Round "6"]
[White "Ori,M"]
[Black "Grandelius,N"]
[Result "0-1"]
[WhiteElo "2069"]
[BlackElo "2491"]

1.e4 c5 2.Nf3 d6 3.Bb5+ Nc6 4.O-O Bd7 5.Re1 Nf6 6.c3 a6 7.Ba4 b5 8.Bc2 Bg4
9.d3 e6 10.Nbd2 Be7 11.h3 Bh5 12.Nf1 O-O 13.Ng3 Bg6 14.Nh4 d5 15.Nxg6 hxg6
16.Qe2 Qc7 17.Bd2 Bd6 18.Nf1 d4 19.g3 dxc3 20.bxc3 b4 21.Kg2 Be5 22.Rec1 bxc3
23.Be1 Rab8 24.Rab1 Rb2 25.Ne3 Rfb8 26.Qd1 Rxa2 27.Bb3 Rb2 28.Nc4 R8xb3  0-1

[Event "VI Moncada Open"]
[Site "Santiago de Cuba CUB"]
[Date "2009.05.20"]
[Round "5"]
[White "Larduet Despaigne,C"]
[Black "Leyva Rivera,Y"]
[Result "1/2-1/2"]
[WhiteElo "2350"]
[BlackElo "2375"]

1.e4 c5 2.Nf3 d6 3.Bb5+ Bd7 4.Bxd7+ Nxd7 5.c4 Ngf6 6.Nc3 e6 7.O-O Be7 8.d4 cxd4
9.Nxd4 O-O 10.b3 a6 11.Bb2 Re8 12.Kh1 Bf8 13.Qe2 g6 14.Rad1 Qc7 15.f4 Bg7
16.Nf3 Rad8 17.Ba1 Nc5 18.e5 dxe5 19.Nxe5 Rxd1 20.Rxd1 Rd8 21.Rxd8+ Qxd8
22.b4  1/2-1/2

[Event "18th CRO-Cup"]
[Site "Sibenik CRO"]
[Date "2009.05.20"]
[Round "1"]
[White "Rade,M"]
[Black "Tomasic,R"]
[Result "1-0"]
[WhiteElo "2432"]
[BlackElo "2115"]

1.e4 c5 2.Nf3 d6 3.Bb5+ Nd7 4.d4 cxd4 5.Qxd4 a6 6.Bxd7+ Bxd7 7.Bg5 Bg4 8.Nc3 Qa5
9.Bd2 Rc8 10.O-O-O Qc5 11.Qd3 Nf6 12.h3 Be6 13.e5 dxe5 14.Rhe1 e4 15.Nxe4 Nxe4
16.Rxe4 Bf5 17.Bc3 Qc6 18.Rxe7+ Bxe7 19.Qxf5 O-O 20.Rd7 Rce8 21.Kb1 b5 22.a3 Qc5
23.Ne5 Bf6 24.f4 Rd8 25.Bb4 Qg1+ 26.Ka2 Rfe8 27.Be7 g6 28.Qxf6 Rxe7  1-0

[Event "8th Asian Continental Open"]
[Site "Subic Bay PHI"]
[Date "2009.05.20"]
[Round "8"]
[White "Toufighi,H"]
[Black "Paragua,M"]
[Result "1-0"]
[WhiteElo "2478"]
[BlackElo "2529"]

1.e4 c5 2.Nf3 d6 3.Bb5+ Nc6 4.O-O Bd7 5.Re1 Nf6 6.Nc3 e6 7.Bxc6 Bxc6 8.d4 cxd4
9.Qxd4 Be7 10.Bg5 O-O 11.Rad1 Qa5 12.Bh4 Rfd8 13.Qd3 Qh5 14.Bg3 Qc5 15.Bh4 b6
16.Nd4 Bb7 17.Qh3 Kh8 18.Nf3 h6 19.e5 dxe5 20.Nxe5 Kg8 21.Nxf7 Kxf7 22.Qxe6+ Kf8
23.Na4 Rxd1 24.Nxc5 Rxe1+ 25.Qxe1 Bxc5 26.Bxf6 gxf6 27.Qe6 Be7 28.Qe3 Kf7
29.Qxh6 Rg8 30.Qh5+ Ke6 31.Qe2+ Kf7 32.g3 Rg5 33.h4 Re5 34.Qd1 Bc5 35.c3 Rd5
36.Qc2 Kg7 37.b4 Be7 38.Kh2 Re5 39.Qd1 Rd5 40.Qg4+ Kf7 41.Qc4 Bd6 42.Qg4 Be7
43.Qf3 b5 44.h5 Kg7 45.Kg1 f5 46.Kh2 Bg5 47.Qe2 Kf7 48.Qf3 Kg7 49.c4 bxc4
50.Qc3+ Bf6 51.Qxc4 Be5 52.Qe2 Bf6 53.Qe8 Rd6 54.h6+  1-0

[Event "18th CRO-Cup"]
[Site "Sibenik CRO"]
[Date "2009.05.21"]
[Round "2"]
[White "Orak,L"]
[Black "Zamostni,J"]
[Result "1-0"]
[WhiteElo "2329"]
[BlackElo "2224"]

1.e4 c5 2.Nf3 d6 3.Bb5+ Bd7 4.Bxd7+ Nxd7 5.O-O Ngf6 6.Qe2 e5 7.c3 Be7 8.d4 O-O
9.Rd1 Qb8 10.dxe5 dxe5 11.Bg5 Re8 12.Na3 h6 13.Bh4 Nf8 14.Nc4 Ng6 15.Bxf6 Bxf6
16.Rd7 Re7 17.Rad1 Qe8 18.Qd2 Kh7 19.g3 Rc8 20.h4 b6 21.h5 Nf8 22.Rd5 Ra8
23.b3 Qc8 24.Ncxe5 Qh3 25.Nc4 Qg4 26.Kg2 Rxe4 27.Ne3 Qe6 28.Rd6 Qe7 29.Nf5 Qb7
30.Rxf6 Ne6 31.Nd6  1-0

[Event "TCh-ISR 2008-9"]
[Site "Israel ISR"]
[Date "2009.05.22"]
[Round "11"]
[White "Katzir,M"]
[Black "Sidorenko,I"]
[Result "1/2-1/2"]
[WhiteElo "2279"]
[BlackElo "2370"]

1.e4 c5 2.Nf3 d6 3.Bb5+ Nc6 4.O-O Bd7 5.Re1 a6 6.Bf1 Bg4 7.c3 Nf6 8.h3 Bh5
9.d4 cxd4 10.cxd4 Bxf3 11.gxf3 e5 12.d5 Nb8 13.f4 Nbd7 14.Na3 g6 15.Nc4 b5
16.Nd2 Nh5 17.a4 Rb8 18.axb5 axb5 19.fxe5 Nxe5 20.Nb3 Bg7 21.Nd4 O-O 22.f4 Nc4
23.Nc6 Qb6+ 24.Kg2 Nxb2 25.Qb3 Na4 26.e5 Rb7  1/2-1/2

[Event "VI Moncada Open"]
[Site "Santiago de Cuba CUB"]
[Date "2009.05.22"]
[Round "6"]
[White "Cabrera Ladron de Guevara,M"]
[Black "Morales,Rom"]
[Result "0-1"]
[WhiteElo "1950"]
[BlackElo "2312"]

1.e4 c5 2.Nf3 d6 3.Bb5+ Bd7 4.Bxd7+ Qxd7 5.c4 Qg4 6.Nc3 Qxg2 7.Rg1 Qh3 8.Ng5 Qd7
9.d3 g6 10.Qf3 e6 11.h4 h6 12.Nh3 Nc6 13.Be3 Bg7 14.h5 g5 15.Qe2 Nd4 16.Bxd4 Bxd4
17.Rg2 Be5 18.O-O-O Nf6 19.Kb1 a6 20.Rf1 O-O-O 21.f4 gxf4 22.Nxf4 Rdg8 23.Rgf2 Bd4
24.Rf3 Rg7 25.Qh2 Rhg8 26.Nfe2 Be5 27.Qh3 Qd8 28.R1f2 Rg5 29.Qf1 Ng4 30.Rxf7 Nxf2
31.Qxf2 R5g7 32.a3 Rxf7 33.Qxf7 Qe8 34.Qf3 Rg5  0-1

[Event "8th Asian Continental Open"]
[Site "Subic Bay PHI"]
[Date "2009.05.22"]
[Round "10"]
[White "Wahono,A"]
[Black "Mas,H"]
[Result "1-0"]
[WhiteElo "2391"]
[BlackElo "2421"]

1.e4 c5 2.Nf3 d6 3.Bb5+ Nd7 4.O-O Nf6 5.Re1 e6 6.d4 a6 7.Bxd7+ Nxd7 8.b3 Qc7
9.Bb2 b5 10.a4 b4 11.Nbd2 Bb7 12.Nc4 a5 13.c3 Ba6 14.Nfd2 Rb8 15.cxb4 axb4
16.Qg4 h5 17.Qh3 Rh6 18.Rac1 Rc8 19.d5 e5 20.f4 Rd8 21.Nf3 Bxc4 22.Rxc4 Be7
23.fxe5 dxe5 24.Rf1 Bd6 25.Nh4 g6 26.Bc1 Rh7 27.Bg5 Nb6 28.Bxd8 Qxd8 29.Rc2 Qg5
30.a5 Nd7 31.a6 Ke7 32.a7 Rh8 33.Rcf2  1-0

[Event "27th Liechtenstein Open"]
[Site "Triesen LIE"]
[Date "2009.05.22"]
[Round "8"]
[White "Keller,M1"]
[Black "Tiemann,C"]
[Result "1/2-1/2"]
[WhiteElo "2202"]
[BlackElo "2083"]

1.e4 c5 2.Nf3 d6 3.Bb5+ Bd7 4.Bxd7+ Qxd7 5.O-O Nf6 6.e5 dxe5 7.Nxe5 Qc7 8.d4 cxd4
9.Bf4 Qb6 10.Na3 Nc6 11.Nac4 Qc5 12.Qe2 e6 13.Rad1 Be7 14.Nxc6 bxc6 15.c3 dxc3
16.Bd6 Bxd6 17.Nxd6+ Ke7 18.bxc3 Rhb8 19.Rfe1 Qxc3 20.Rc1 Qb2 21.Rc2 Qb6
22.Nc4 Qb5 23.Qd3 Kf8  1/2-1/2

[Event "VI Muhamedzjanov Mem"]
[Site "Naberezhnye Chelny RUS"]
[Date "2009.05.23"]
[Round "3"]
[White "Alavkin,A"]
[Black "Andreev,Ed UKR"]
[Result "1/2-1/2"]
[WhiteElo "2460"]
[BlackElo "2458"]

1.e4 c5 2.Nf3 d6 3.Bb5+ Bd7 4.Bxd7+ Qxd7 5.O-O Nc6 6.c3 Nf6 7.Qe2 e6 8.d4 cxd4
9.cxd4 d5 10.e5 Ne4 11.Be3 Be7 12.Ne1 f6 13.f3 Ng5 14.Nd3 O-O 15.Nd2 Nf7
16.Bf2 Rac8 17.a3 b6 18.Rfe1 f5 19.h4 Rc7 20.Nf4 Na5 21.Rac1 Rfc8 22.Rxc7 Rxc7
23.Qd3 Nd8  1/2-1/2

[Event "8th Asian Continental Open"]
[Site "Subic Bay PHI"]
[Date "2009.05.23"]
[Round "11"]
[White "So,W"]
[Black "Le Quang Liem"]
[Result "0-1"]
[WhiteElo "2641"]
[BlackElo "2591"]

1.e4 c5 2.Nf3 d6 3.Bb5+ Bd7 4.Bxd7+ Qxd7 5.c4 Nf6 6.Nc3 g6 7.d4 cxd4 8.Nxd4 Bg7
9.h3 O-O 10.Be3 Qc7 11.Rc1 Qxc4 12.Nd5 Qxa2 13.Nc7 Na6 14.Nxa8 Nxe4 15.Nc7 Nxc7
16.Rxc7 Qa5+ 17.Rc3 Nxc3 18.bxc3 Qxc3+ 19.Qd2 Qa1+ 20.Qd1 Qa5+ 21.Qd2 Qd5
22.O-O Rc8 23.Rb1 b6 24.Kf1 f5 25.Nb5 Qxd2 26.Bxd2 a6 27.Nxd6 exd6 28.Rxb6 Ra8
29.Ba5 Be5 30.g3 f4 31.gxf4 Bxf4 32.Rb7 Be5 33.Kg2 Bd4 34.Rd7 Bc5  0-1

[Event "8th Asian Continental Open"]
[Site "Subic Bay PHI"]
[Date "2009.05.23"]
[Round "11"]
[White "Iuldachev,S"]
[Black "Ghaem Maghami,E"]
[Result "1/2-1/2"]
[WhiteElo "2497"]
[BlackElo "2593"]

1.e4 c5 2.Nf3 d6 3.Bb5+ Nc6 4.O-O Bd7 5.Re1 Nf6 6.h3 g6 7.c3 Ne5 8.Be2 Nxe4
9.d4 cxd4 10.Qxd4 Bc6 11.Bb5 Bxb5 12.Nxe5 Qb6 13.Qxe4 dxe5 14.c4 Bd7 15.Qxe5 Qe6
16.Bf4 Qxe5 17.Bxe5 Rg8 18.Nc3 O-O-O 19.Nb5 Bxb5 20.cxb5 Bh6 21.f4 Rd7 22.Rac1+ Kd8
23.Red1 f6 24.Bc7+ Ke8 25.Bb8 Rxd1+ 26.Rxd1 a6 27.bxa6 bxa6 28.Rd4 Kf7 29.Rb4 Rc8
30.Kf2 Bg7 31.Kf3 f5 32.Rb7 Rc6 33.a4 Ke6 34.b4 Bd4 35.Ba7 Bxa7 36.Rxa7 Rb6
37.a5 Rxb4 38.Rxa6+ Kd5 39.Ra7  1/2-1/2

[Event "18th CRO-Cup"]
[Site "Sibenik CRO"]
[Date "2009.05.24"]
[Round "5"]
[White "Palac,M"]
[Black "Fercec,N"]
[Result "1-0"]
[WhiteElo "2571"]
[BlackElo "2478"]

1.e4 c5 2.Nf3 d6 3.Bb5+ Nc6 4.Bxc6+ bxc6 5.O-O e5 6.c3 f5 7.exf5 Bxf5 8.d4 cxd4
9.cxd4 e4 10.Nfd2 Nf6 11.f3 e3 12.Nc4 Be7 13.Nc3 Be6 14.Nxe3 d5 15.Re1 Qd7
16.Na4 O-O 17.Nf1 Bd6 18.Nc5 Bxc5 19.dxc5 d4 20.Bf4 Ne8 21.Be5 d3 22.Re3 Rd8
23.Bd6 Nxd6 24.Rxd3 Bd5 25.cxd6 Qxd6 26.Ne3 Qf6 27.Nxd5 cxd5 28.Rxd5 Kh8
29.Rxd8 Rxd8 30.Qe2 Qd4+ 31.Kf1 h6 32.g3 Qb4 33.a3 Qb3 34.Rc1 a5 35.Rc3 Qb7
36.Re3 Qc6 37.Kg2 Rd4 38.Re8+ Kh7 39.Re4 Rd6 40.Rc4 Qd7 41.Qc2+ g6 42.Rc7 Rd2+
43.Kg1 Rd1+ 44.Kf2 Rd2+ 45.Kg1 Rd1+ 46.Kg2 Rd2+ 47.Qxd2 Qxc7 48.b4 a4 49.b5 h5
50.Qb2 Qb6 51.h4 Kg8 52.Qe5 Qd8 53.Qe3 Qd1 54.b6 Qc2+ 55.Kh3 Qb1 56.g4 hxg4+
57.Kxg4 Qf5+ 58.Kg3 Qb1 59.Qe8+ Kg7 60.Qd7+ Kf6 61.b7 Qg1+ 62.Kf4 Qh2+ 63.Ke4 Qe2+
64.Kd5 Qxf3+ 65.Kd6  1-0

[Event "Chicago Open"]
[Site "Wheeling USA"]
[Date "2009.05.24"]
[Round "4"]
[White "Antal,Ge"]
[Black "Van Wely,L"]
[Result "1/2-1/2"]
[WhiteElo "2490"]
[BlackElo "2622"]

1.e4 c5 2.Nf3 d6 3.Bb5+ Nd7 4.d4 Nf6 5.Nc3 a6 6.Bxd7+ Nxd7 7.Be3 cxd4 8.Bxd4 e6
9.a4 b6 10.O-O Bb7 11.Qe2 Qc7 12.Rfe1 Ne5 13.Qe3 Nc4 14.Qg5 f6 15.Bxf6 gxf6
16.Qxf6 Bg7 17.Qxe6+ Kf8 18.Nd5 Qf7 19.Ng5 Qxe6 20.Nxe6+ Kf7 21.Nxg7 Kxg7
22.b3 Bxd5 23.exd5 Ne5 24.f4 Ng6 25.g3 Rhe8 26.Kf2 Kf7 27.Kf3 Rac8 28.c4 Nf8
29.Rxe8 Rxe8 30.a5 Rb8 31.axb6 Rxb6 32.b4 Rxb4 33.Rxa6 Ke7 34.Rc6 Nd7 35.Rc8 h5
36.h3 Rb3+ 37.Kg2 Rb2+ 38.Kf3 Rb3+ 39.Kg2 Rc3 40.Rc7 Kd8 41.Rc6 Ke7 42.Rc7 Ra3
43.Kf2 h4 44.gxh4 Rxh3 45.f5 Ke8 46.Rc8+ Ke7 47.Rc7 Rxh4 48.Kg3 Rh7 49.Kf4 Rf7
50.Kg5 Rf8 51.Kf4 Rd8 52.Kg5 Rg8+ 53.Kf4 Rg1 54.Ra7 Rb1 55.Kg5 Kd8 56.Ra6 Nb6
57.f6 Ke8 58.Kf5 Nxc4 59.Ra8+ Kf7 60.Ra7+ Kg8 61.Ra8+ Kf7 62.Ra7+ Kg8 63.Ra8+  1/2-1/2

[Event "Open Univ La Punta CAA"]
[Site "Buenos Aires ARG"]
[Date "2009.05.25"]
[Round "2"]
[White "Bronstein,L"]
[Black "Palmero,P"]
[Result "1-0"]
[WhiteElo "2390"]
[BlackElo "2139"]

1.e4 c5 2.Nf3 d6 3.Bb5+ Bd7 4.Bxd7+ Qxd7 5.O-O Nf6 6.Qe2 Nc6 7.c3 Qg4 8.Re1 Ne5
9.Nxe5 Qxe2 10.Rxe2 dxe5 11.Na3 O-O-O 12.Nc4 Nd7 13.a4 f6 14.a5 g6 15.d3 Nb8
16.Be3 Rxd3 17.Bxc5 Nc6 18.Ree1 e6 19.Be3 Be7 20.Red1 Rhd8 21.Rxd3 Rxd3 22.Kf1 Bd8
23.Ke2 Rd7 24.b4 Kb8 25.b5 Ne7 26.Nd2 g5 27.c4 Ng6 28.g3 h5 29.Nb3 Be7 30.a6 b6
31.c5 Bd8 32.cxb6 Bxb6 33.Bxb6 axb6 34.Rc1 Ne7 35.Nd2 Rd4 36.a7+ Kb7 37.Rc7+  1-0

[Event "Subic Open"]
[Site "Subic PHI"]
[Date "2009.05.25"]
[Round "1"]
[White "Bancod,Ron"]
[Black "Dao Thien Hai"]
[Result "0-1"]
[WhiteElo "2356"]
[BlackElo "2546"]

1.e4 c5 2.Nf3 d6 3.Bb5+ Nc6 4.O-O Bd7 5.Re1 Nf6 6.c3 a6 7.Bf1 Bg4 8.d4 e5
9.d5 Ne7 10.a4 g6 11.Na3 Bg7 12.h3 Bd7 13.Nc4 Nc8 14.b4 cxb4 15.cxb4 O-O
16.Bg5 h6 17.Bh4 Qe8 18.Nfd2 Rb8 19.a5 Nh5 20.Rc1 Nf4 21.Qb3 Kh8 22.Nb6 Nxb6
23.axb6 g5 24.Bg3 Bf6 25.Nc4 Be7 26.f3 Rg8 27.Bf2 h5 28.Rc3 Rg6 29.Rec1 Bd8
30.Na5 g4 31.fxg4 hxg4 32.h4 Qg8 33.g3 Nh3+ 34.Bxh3 gxh3 35.Rc7 Bxc7 36.Rxc7 Rf6
37.Qe3 Bc8 38.Nc4 Qg4 39.Nd2 Bd7 40.Kh2 Kh7 41.Be1 Bb5 42.Qg5 Qe2+ 43.Kxh3 Qxe1
44.Qxf6 Qh1+ 45.Kg4 Rg8+ 46.Qg5 Be2+ 47.Kf5 Rxg5+ 48.Kxg5 Kg7  0-1